Antropogeniczne zmiany rzeźby terenu Pojezierza Chełmińskiego do początku XVII wieku w wyniku budowy i funkcjonowania młynów wodnych

Titel: Antropogeniczne zmiany rzeźby terenu Pojezierza Chełmińskiego do początku XVII wieku w wyniku budowy i funkcjonowania młynów wodnych
Verfasser:
In: Przegla̜d geograficzny, Band 71, Heft 1/2 (1999), Seite 111-126
alle Artikel anzeigen
Veröffentlicht: 1999
Format: Aufsatz
Sprache: Polnisch
Kein Bild verfügbar
X
alg: 39349903
001A    $01999:12-11-16 
001B    $01999:07-04-21 $t19:49:00.000 
001C    $06050:19-11-16 $t08:53:25.000 
001D    $01999:12-11-16 
001U    $0utf8 
001X    $00 
002@    $0Aox 
003@    $0393499030 
007A    $0393499030 $aHEB 
007T    $0Herdt12571 
010@    $apol 
011@    $a1999 
021A    $aAntropogeniczne zmiany rzeźby terenu Pojezierza Chełmińskiego do początku XVII wieku w wyniku budowy i funkcjonowania młynów wodnych 
027A    $aAnthropogene Veränderungen der Geländebeschaffenheit der Kulmer Seenplatte bis zum Beginn des 17. Jahrhunderts als Ergebnis des Baus und Betriebs von Wassermühlen 
028A    $aPodgórski $dZbigniew 
031A    $d71 $e1/2 $h111-126 $j1999 
037A    $aengl. Res. 
039B    $aIn $8--Abvc--. Przegla̜d geograficzny. - Warszawa : Państwowe Wydawn. Naukowe, 1918-. - ISSN 0033-2143 $x199900000710001889 $9047308648 
045F    $a911.4382 $eDDC23BSB 
045F/01 $a911 
045F/03 $g4382 
045F/03 $g43832 
045T    $a14 
046C    $aAnthropogene Veränderungen der Geländebeschaffenheit der Kulmer Seenplatte bis zum Beginn des 17. Jahrhunderts als Ergebnis des Baus und Betriebs von Wassermühlen $bÜbers. des Hauptsacht. 

lok: 39349903 78

exp: 39349903 78 1 #EPN
201B/01 $004-09-18 $t22:44:41.000 
201U/01 $0utf8 
203@/01 $0789609479 
208@/01 $a12-11-16 $be 
209A/01 $a/ $f000 $x00 
220C/01 $aTitelaufnehmer: uz;gk 
220C/01 $aHerkunft: UMK/BU Toruń 
244Z/01 $2Trx $#Prusy Wschodnie i Zachodnie $8--Trx--Ost- und Westpreußen $x01 $939113373X 
244Z/01 $#Kulmer Land $#Chełmno ziemia $#Ziemia Chełmińska $#Kulmerland $#Terra Culmensis $74010759-0 $8--Tg1--Culmer Land $x02 $908502144X 
244Z/01 $2Trx $#majandusgeograafia $#ekonominė geografija $#Economic geography $#gazdasági földrajz $#geografia gospodarcza $#geografia hospodárska $#geografie hospodářská $8--Trx--Wirtschaftsgeographie $x03 $939135731X 
244Z/01 $2Trx $#veskid $#malūnai $#mills $#malmok $#młyny i wiatraki $#mlyny $#mlýny $#wiatraki $8--Trx--Mühlen $x04 $939136197X 
244Z/01 $2Trx $#veetööstus $#vandens ūkis $#water works $#vízgazdálkodás $#gospodarka wodna $#vodné hospodárstvo $#hospodářství vodní $8--Trx--Wasserwirtschaft $x05 $9391363964 
244Z/01 $2Trx $8--Trx--Zeitschriftenaufsatz $x06 $9391384341 
245Z/01 $a13.02 $x01 
245Z/01 $a04.08 $x02 
247C/01 $82080>Marburg/Lahn, Herder-Institut, Forschungsbibliothek, Bibliographieportal $9336309341
LEADER 00000caa a22000002c 4500
001 393499030
003 DE-603
005 20210407194900.0
007 tu
008 161112s1999 xx |||| | u00||u|pol c
035 |a (DE-599)HEB393499030 
040 |a DE-603  |b ger  |c DE-603  |d DE-603 
041 |a pol 
082 0 4 |8 1\u  |a 911.4382  |q DE-101  |2 23/BSB 
084 |a 14  |2 ssgn 
085 |8 1\u  |b 911 
085 |8 1\u  |z 2  |s 4382 
085 |8 1\u  |z 2  |s 43832 
100 1 |a Podgórski, Zbigniew 
245 0 0 |a Antropogeniczne zmiany rzeźby terenu Pojezierza Chełmińskiego do początku XVII wieku w wyniku budowy i funkcjonowania młynów wodnych 
246 1 |i Übers. des Hauptsacht.  |a Anthropogene Veränderungen der Geländebeschaffenheit der Kulmer Seenplatte bis zum Beginn des 17. Jahrhunderts als Ergebnis des Baus und Betriebs von Wassermühlen 
246 1 3 |a Anthropogene Veränderungen der Geländebeschaffenheit der Kulmer Seenplatte bis zum Beginn des 17. Jahrhunderts als Ergebnis des Baus und Betriebs von Wassermühlen 
264 0 |c 1999 
500 |a engl. Res. 
773 0 8 |i In  |t Przegla̜d geograficzny  |d Warszawa : Państwowe Wydawn. Naukowe, 1918-  |x 0033-2143  |g Band 71, Heft 1/2 (1999), Seite 111-126  |w (DE-603)047308648  |w (DE-600)209415-0 
924 0 |9 2080  |a (DE-603)789609479  |b DE-2080  |c HES  |d d  |g /